000 00813nam a2200241 a 4500
001 BRCA_2658
005 20190320203918.0
008 011208s1929----gw-a---###---#000-0#ger-#
050 4 _aN7343.5
_b.A98 1929
245 1 0 _aAusstellung chinesischer kunst
_cveranstaltet von der Gesellschaft fur ostasiatische kunst und der Preussischen Akademie der kunste.
250 _a2
260 _aBerlin
_bWurfel
_c1929
300 _a458 p.
_bil.
_c19 cm.
500 _aIncluye índice analítico y glosario de láminas
500 _aA115
650 1 4 _aGalerías y museos
_zAlemania
_95059
650 1 4 _aArte chino
_eExposiciones
_97252
700 1 _aKummel, Otto
_97547
710 2 _aGesellschaft fur ostasiatische kunst (Berlin)
_97548
710 2 _aAkademie der kunste (Berlin)
_97549
902 _aGFM
942 _2lcc
_cB
999 _c2398
_d2398